Farmers Weekly (Record no. 118663)

MARC details
000 -LEADER
fixed length control field 00505cas a22001815a 4500
001 - CONTROL NUMBER
control field L72
008 - FIXED-LENGTH DATA ELEMENTS--GENERAL INFORMATION
fixed length control field 070622c1934 xxkwr p 0 a0eng
022 1# - INTERNATIONAL STANDARD SERIAL NUMBER
International Standard Serial Number 0014-8474
035 ## - SYSTEM CONTROL NUMBER
System control number (Sirsi) u99117
041 0# - LANGUAGE CODE
Language code of text/sound track or separate title eng
245 00 - TITLE STATEMENT
Title Farmers Weekly
260 ## - PUBLICATION, DISTRIBUTION, ETC.
Place of publication, distribution, etc. Sutton
Name of publisher, distributor, etc. Reed Business Information
Date of publication, distribution, etc. 1934-
651 #4 - SUBJECT ADDED ENTRY--GEOGRAPHIC NAME
Geographic name United Kingdom
690 ## - LOCAL SUBJECT ADDED ENTRY--TOPICAL TERM (OCLC, RLIN)
Topical term or geographic name as entry element ENVIRONMENTAL AND LAND CONSULTANCY-AGRIBUSINESS
856 ## - ELECTRONIC LOCATION AND ACCESS
Uniform Resource Identifier <a href="https://www.fwi.co.uk">https://www.fwi.co.uk</a>
Public note Access Farmer's Weekly online
942 ## - ADDED ENTRY ELEMENTS (KOHA)
Suppress in OPAC 0
Source of classification or shelving scheme Dewey Decimal Classification
948 ## - LOCAL PROCESSING INFORMATION (OCLC); SERIES PART DESIGNATOR (RLIN)
c (OCLC) 16/02/1994
Holdings
Withdrawn status Lost status Source of classification or shelving scheme Damaged status Not for loan Home library Current library Shelving location Date acquired Total Checkouts Full call number Barcode Date last seen Price effective from Koha item type
    Dewey Decimal Classification     Virtual Virtual Online 05/07/2007   ONLINE JOURNAL 99117-2001 21/06/2023 06/08/2019 Journal